| 000 | 00864nam a2200241Ia 4500 | ||
|---|---|---|---|
| 008 | 130821s1951 xxua gr eng | ||
| 040 |
_aCo-BoUCM _bspa |
||
| 041 | 0 | 0 | _aeng |
| 100 | 1 |
_aHansen, Alvin Harvey _d1887- _9113764 |
|
| 245 | 1 | 0 |
_aBusiness cycles and national income _cAlvin Harvey Hansen |
| 260 |
_aNueva York (Estados Unidos) _bNorton _c1951 |
||
| 300 |
_axv, 639 páginas _bilustraciones, gráficas |
||
| 500 | _aDonación Dr. Álvaro Daza Roa. | ||
| 504 | _aIncluye referencias bibliográficas e índice. | ||
| 650 | 0 | 4 |
_aAhorro e inversión _98752 |
| 650 | 0 | 4 |
_aCiclos económicos _910763 |
| 650 | 0 | 4 |
_aDistribución del ingreso _913459 |
| 650 | 0 | 4 |
_aMicroeconomía _919488 |
| 650 | 0 | 4 |
_aPolítica económica _921972 |
| 650 | 0 | 4 |
_aRentas nacionales _923552 |
| 942 |
_cLIBRO _a7 _e1 _mH15b _2DEWEY _h338.54 |
||
| 999 |
_c71797 _d71797 |
||